Etica de la comunicación y de la información

Bewaard in:
Bibliografische gegevens
Hoofdauteurs: Agejas, José Angel (Auteur), Serrano Oceja, Francisco José (Auteur)
Formaat: Boek
Taal:Spaans
Gepubliceerd in: Barcelona Ariel 2002
Reeks:Ariel Comunicación
Onderwerpen:
Tags: Voeg label toe
Geen labels, Wees de eerste die dit record labelt!

MARC

LEADER 00000nam a2200000 a 4500
001 UCL3224
003 CL-VaPUC
008 031114e20020000SP |||||||||||||||||spa|d
020 |a 843441290X 
082 0 4 |a 175  |b AGE  |2 21 
100 0 |a Agejas, José Angel  |e author  |9 480500 
700 0 |a Serrano Oceja, Francisco José  |e author  |9 480501 
245 1 0 |a Etica de la comunicación y de la información 
300 |a 364 p 
942 |c BK 
945 |d 20031114 00:00:00  |a cmena 
260 |a Barcelona  |b Ariel  |c 2002 
650 0 |a Comunicación   |9 257251 
650 0 |a Medios de comunicación  |9 257206 
650 0 |a Ética  |9 255099 
650 0 |a Libertad de información  |9 257205 
650 0 |a Derechos humanos  |9 223025 
583 |a last modification  |c 20031114 00:00:00  |k Rodrigo Vera 
490 0 |a Ariel Comunicación 
999 |c 306340  |d 306338 
952 |0 0  |1 0  |4 0  |6 175_000000000000000_AGE_2002  |7 0  |8 A  |9 371288  |a FDOPOS  |b FDOPOS  |d 2019-11-21  |i 3965791  |o 175 AGE 2002  |p 3965791  |r 2025-01-22  |w 2019-11-21  |y BK  |k MLA